000 00448nam a22001695i 4500
001 102869
003 ES-MaACL
005 20230906183213.0
007 t|
008 950928s1873 fr ||||1| fre d
040 _aCAM
_bspa
_cCAM
100 1 _aEsquiros, Alphonse.
_947973
245 1 4 _aLes vierges folles /
_cpar Alphonse Esquiros.
260 _aParis :
_bE. DentĂș,
_c1873.
300 _a274, [2] p. ;
_c19 cm.
852 _aES-MaACL
_jD-1319
999 _c102869
_d102869